000 00522nam a2200181 i 4500
001 bg
100 1 _aGALANT, Maciej
245 0 _aĆwiczenia laboratoryjne z przekształtników statycznych /
_cMaciej Galant, Stanisław Iwan.
260 _aZielona Góra :
_bWyż. Szk. Inż.,
_c1976.
300 _as. 147 :
_brys.
504 _a[Zawiera bibliogr. s. 146-147].
700 1 _aIWAN, Stanisław
040 _cBPK
041 _apol
080 _a621.31:621.38
942 _cKS
008 s pl f |000 0 pol
999 _c17033
_d17033
856 _uhttp://koha.tu.koszalin.pl/cgi-bin/koha/opac-detail.pl?biblionumber=17033
_yKatalog online BPK